000 01535naa a22003137a 4500
001 BR8500098
003 BR-BrBNA
005 20240918175506.0
007 ta
008 230509b bl.||||| |||| 00| 0 por d
040 _aBR-BrBNA
_bpor
_cBiblioteca Nacional de Agricultura
041 _a(Pt)
072 _aH60; F00
_b0440
_b0333
_bG514
090 _aH60 BR8500098
100 1 _aRuedell, J.
100 1 _aSilva, M.T.B. da
111 1 _a3. Reuniao Estadual de Pesquisa e Assistencia Tecnica do Linho
_cPasso Fundo, RS (Brazil)
_d17-18 Apr 1984
245 1 _aControle de invasoras atraves do efeito de arranjo de plantas do linho [Linum usitatissimum, erva daninha, pratica cultural, Brasil]
246 1 _a[Weed control using spacing combinations in flax plants [Linum usitatissimum, cultural practice, Brazil]]
246 1 _a[Contribution from the Experiment and Research Center to the 3. State Meeting of flax Research and Technical Assistance]
260 3 _aPorto Alegre, RS (Brasil):
_c1984.
500 _aContribuicao do Centro de Experimentacao e Pesquisa a 3. Reuniao Estadual de Pesquisa e Assistencia Tecnica do Linho Porto Alegre, RS (Brasil): 1984. p. 74-80 (BR8500098-AM)H60
650 _aLINHO
650 _aERVA DANINHA
650 _aPRATICA CULTURAL
773 0 _tContribuicao do Centro de Experimentacao e Pesquisa a 3. Reuniao Estadual de Pesquisa e Assistencia Tecnica do Linho
_wH60 BR8500098
_gPorto Alegre, RS (Brasil), 1984. p. 74-80
909 _a202404
_bLucia
_c55
_dLucia Elande
942 _cAM
_2AGRIS
999 _c316977
_d316977